[Event "FRA-ch U14 Girls"]
[Site "Pau"]
[Date "2015.04.26"]
[Round "1"]
[White "Imperor, Amelie"]
[Black "Bassini, Nina"]
[Result "1-0"]
[WhiteElo "1782"]
[BlackElo "1339"]
[PlyCount "129"]
[EventDate "2015.04.26"]
[EventType "swiss"]
[EventRounds "9"]
[EventCountry "FRA"]
[SourceTitle "CBM 166 Extra"]
[Source "ChessBase"]
[SourceDate "2015.06.18"]
[SourceVersion "1"]
[SourceVersionDate "2015.06.18"]
[SourceQuality "1"]

1. e4 e5 2. Nf3 Nc6 3. Nc3 Nf6 4. Bb5 d6 5. 0-0 Bd7 6. d3 Be7 7. Bg5 0-0 8. a3 a6 9. Bc4 Bg4 10. h3 Bh5 11. Qd2 Bxf3 12. gxf3 Nd4 13. Kg2 Nh5 14. Be3 Bf6 15. Nd1 Nf4+ 16. Bxf4 exf4 17. c3 Ne6 18. d4 Bg5 19. b4 c6 20. Nb2 d5 21. Bd3 Bh6 22. Rh1 Qh4 23. Rag1 Ng5 24. e5 f6 25. exf6 Rxf6 26. Qd1 Qh5 27. Be2 Re8 28. h4 Nf7 29. Kf1 Rg6 30. Rxg6 Qxg6 31. Qd3 Qxd3 32. Nxd3 Nd6 33. Ne5 Nb5 34. Bxb5 axb5 35. Ke2 g6 36. Kd2 Bg7 37. Nd3 Ra8 38. Ra1 Bf6 39. Nxf4 Bxh4 40. Nd3 Kg7 41. Nc5 Rb8 42. a4 b6 43. Nd7 Rb7 44. Ne5 Rc7 45. axb5 cxb5 46. Ra6 Rb7 47. Ra8 Bxf2 48. Rd8 h5 49. Rxd5 h4 50. Ng4 Bg3 51. Rxb5 h3 52. d5 h2 53. Nxh2 Bxh2 54. c4 Rb8 55. c5 bxc5 56. Rxb8 Bxb8 57. bxc5 Kf7 58. Kd3 Kf6 59. Ke4 Bc7 60. d6 Ba5 61. Kd5 Bb4 62. c6 Kf7 63. c7 Bxd6 64. Kxd6 g5 65. c8Q 1-0

[Event "FRA-ch U12 Girls"]
[Site "Saint Paul Trois Chateaux"]
[Date "2013.05.06"]
[Round "9"]
[White "Bassini, Nina"]
[Black "Mutzel, Annabelle"]
[Result "0-1"]
[WhiteElo "1435"]
[BlackElo "1406"]
[PlyCount "98"]
[EventDate "2013.04.28"]
[EventType "swiss"]
[EventRounds "9"]
[EventCountry "FRA"]
[SourceTitle "CBM 154 Extra"]
[Source "ChessBase"]
[SourceDate "2013.06.25"]
[SourceVersion "2"]
[SourceVersionDate "2013.06.25"]
[SourceQuality "1"]

1. e4 c5 2. Nc3 g6 3. f4 Bg7 4. Bc4 d6 5. d3 Nf6 6. Nf3 a6 7. 0-0 e6 8. a3 b5 9. Bb3 Nc6 10. Bd2 0-0 11. Ne2 d5 12. Ng3 d4 13. Qe2 Qc7 14. Rac1 Nd7 15. f5 Nb6 16. Nh4 Be5 17. Qg4 c4 18. Ba2 exf5 19. exf5 Qd6 20. Rf2 Bd7 21. Rcf1 h5 22. Nxh5 Bxh2+ 23. Kh1 Be5 24. Bh6 Kh7 25. Bxf8 Rxf8 26. Nf4 Rh8 27. g3 Kg8 28. Kg2 Bf6 29. Nh3 Bxh4 30. gxh4 Kf8 31. Nf4 gxf5 32. Qh3 Ne5 33. Kh1 Qc6+ 34. Qg2 Rxh4+ 35. Kg1 Rg4 36. Qxg4 fxg4 37. dxc4 Nf3+ 38. Kg2 Nd2+ 39. Kg3 Nxf1+ 40. Rxf1 Qc7 41. cxb5 Bxb5 42. Rf2 f5 43. Kg2 Qc6+ 44. Kg3 Bc4 45. b3 Bd5 46. Kh4 Bf3 47. a4 Nd5 48. Nd3 Qh6+ 49. Kg3 Qh3# 0-1

[Event "FRA-ch U12 Girls"]
[Site "Saint Paul Trois Chateaux"]
[Date "2013.05.02"]
[Round "5"]
[White "Bassini, Nina"]
[Black "Belluire, Beatrice"]
[Result "0-1"]
[WhiteElo "1435"]
[BlackElo "1560"]
[PlyCount "60"]
[EventDate "2013.04.28"]
[EventType "swiss"]
[EventRounds "9"]
[EventCountry "FRA"]
[SourceTitle "CBM 154 Extra"]
[Source "ChessBase"]
[SourceDate "2013.06.25"]
[SourceVersion "2"]
[SourceVersionDate "2013.06.25"]
[SourceQuality "1"]

1. e4 d5 2. exd5 Nf6 3. Bb5+ Bd7 4. Be2 Bf5 5. d4 Nxd5 6. Nf3 e6 7. 0-0 Nc6 8. a3 a6 9. c4 Nb6 10. Be3 Be7 11. b3 Bf6 12. h3 Qd7 13. g4 Bg6 14. g5 Be7 15. Nc3 Bf5 16. Kg2 h6 17. gxh6 gxh6 18. d5 Bxh3+ 19. Kxh3 exd5+ 20. Kg3 Rg8+ 21. Ng5 Bxg5 22. Bg4 Bf6 23. Bxh6 Bxc3 24. Rc1 f5 25. Rxc3 Rxg4+ 26. Kh3 Qh7 27. Qe2+ Kd7 28. Kh2 Qxh6+ 29. Rh3 Qxh3+ 30. Kxh3 Rh8# 0-1